000 00564nam a2200157 4500
999 _c16310
_d16310
008 211116b ||||| |||| 00| 0 eng d
022 _a0732-8435
082 _aDPer 657.05 C33 Apr - Sept 2016, v86 n4-9
100 _aGeller, Sheldon M.
_942788
245 _aUnderstanding the various kinds of 401(k) service fee arrangements/
_cSheldon M. Geller.
260 _aNew York:
_bThe New York State Society of CPA,
_c©2016.
300 _av86 n7, pages 76-78:
_billustrations;
_c28 cm.
500 _aThe CPA Journal
650 _ainvestments.
_943688
942 _2ddc
_cPER